Länder mit der höchsten Urbanisierung - Statistiken

Allgemein
  • Dieses Quiz wurde 228 mal gespielt
  • Das Durchschnittsergebnis liegt bei 7 aus 18
Antwortstatistiken
% Land % Korrekt
100,0 Monaco
81%
100,0 Vatikanstadt
79%
100,0 Singapur
75%
97,8 San Marino
73%
92,1 Luxemburg
71%
92,0 Japan
63%
94,9 Malta
42%
93,2 Niederlande
39%
99,4 Katar
37%
98,2 Belgien
36%
100,0 Kuwait
28%
92,9 Israel
21%
100,0 Nauru
19%
94,0 Island
18%
92,0 Jordanien
5%
95,8 Uruguay
5%
92,5 Argentinien
3%
91,0 Gabun
0%
Keine übereinstimmenden Quizze gefunden
Verteilung der Resultate
Anzahl Personen mit jedem Resultat
Perzentil nach korrekt beantworteten Fragen
Ihre Resultats-Entwicklung
Sie haben dieses Quiz noch nicht gespielt